State provisions for school lunch programs; (Record no. 22174)

MARC details
000 -LEADER
fixed length control field 01012cam a22002531 4500
001 - CONTROL NUMBER
control field e 52000034
003 - CONTROL NUMBER IDENTIFIER
control field DLC
005 - DATE AND TIME OF LATEST TRANSACTION
control field 20260227111234.0
008 - FIXED-LENGTH DATA ELEMENTS--GENERAL INFORMATION
fixed length control field 850516s1952 dcua f000 0 eng c
010 ## - LIBRARY OF CONGRESS CONTROL NUMBER
LC control number e 52000034
035 ## - SYSTEM CONTROL NUMBER
System control number (OCoLC)12044560
040 ## - CATALOGING SOURCE
Original cataloging agency U.S. Office of Education
Transcribing agency NBuU
Modifying agency OCoLC
-- DLC
042 ## - AUTHENTICATION CODE
Authentication code premarc
050 00 - LIBRARY OF CONGRESS CALL NUMBER
Classification number L111
Item number .A6 1952, no. 4
051 ## - LIBRARY OF CONGRESS COPY, ISSUE, OFFPRINT STATEMENT
Classification number KF4143
Item number .J44 1952
100 1# - MAIN ENTRY--PERSONAL NAME
Personal name Jeffers, Myrtis Merrit Keels,
Dates associated with a name 1908-
245 10 - TITLE STATEMENT
Title State provisions for school lunch programs;
Remainder of title laws and personnel.
260 ## - PUBLICATION, DISTRIBUTION, ETC.
Place of publication, distribution, etc. [Washington]
Name of publisher, distributor, etc. Federal Security Agency, Office of Education
Date of publication, distribution, etc. [1952]
300 ## - PHYSICAL DESCRIPTION
Extent iv, 40 p.
Other physical details illus.
Dimensions 23 cm.
490 1# - SERIES STATEMENT
Series statement [U.S.] Office of Education. Bulletin, 1952,
Volume/sequential designation no. 4
501 ## - WITH NOTE
With note Copies 1 and 2 of L111.A6 with: Know your school law / Ward W. Keesecker. Washington : Govt. Print. Off., 1952. Bound together subsequent to publication.
Institution to which field applies DLC
650 #0 - SUBJECT ADDED ENTRY--TOPICAL TERM
Topical term or geographic name entry element School children
General subdivision Food.
830 #0 - SERIES ADDED ENTRY--UNIFORM TITLE
Uniform title Bulletin (United States. Office of Education) ;
Volume/sequential designation 1952, no. 4.

No items available.

Powered by Koha